00832nam a2200229 i 4500001000300000245009300003260007700096300002900173490003500202500005500237504001200292650005500304830002800359015001800387020001800405040000800423041000800431044000800439080001600447008004100463856009800504bg00aPrawo spółek osobowych /cred. Andrzej Szajkowski ; aut. Marcin Asłanowicz [et al.]. aWarszawa :bWydawnictwo C. H. Beck :bInstytut Nauk Prawnych PAN,c2008. aXXVII, 1098 s. ;c25 cm.1 aSystem Prawa Prywatnegovt. 16 aNa grzb. nazwa naczelnego red. serii: Radwański. aIndeks. 9aPrawo spółek osobowychzPolskaystan na 2008 r. aSystem Prawa Prywatnego aPB 12074/2007 a9788374837071 cBPK apol aPOL a347.78(438)070604s2007 pl l |001 0 pol  uhttp://koha.tu.koszalin.pl/cgi-bin/koha/opac-detail.pl?biblionumber=55296yKatalog online BPK